| 000 | 00396 a2200133 4500 | ||
|---|---|---|---|
| 005 | 20250627075156.0 | ||
| 020 | _a0-946408-63-7 | ||
| 082 | _a001.64 GRA | ||
| 100 | _aGRACE, M. | ||
| 245 | _aDeveloping Applications on the Sinclair QL: Practical Ideas for Home and Business Use. | ||
| 260 |
_aLondon, _bSunshine Books, _c1984. |
||
| 300 |
_ax, 171p.: ill.; figure _bGlossary _c25cm |
||
| 942 |
_2ddc _cBKS |
||
| 999 |
_c5534 _d5534 |
||